| 000 | 00976nam a2200181 i 4500 | ||
|---|---|---|---|
| 001 | 152361 | ||
| 003 | ES-MaACL | ||
| 005 | 20250907063115.0 | ||
| 008 | 931025s1856 sp |||| | spa d | ||
| 100 | 1 |
_aBonilla, José María, _d1808-1880 _9126064 |
|
| 245 | 1 | 0 |
_aDon Alvaro de Luna, Condestable de Castilla _b: drama histórico, original, en prosa y verso / _cde José María Bonilla. |
| 260 |
_aMadrid : _b[Circulo Literario Comercial], _c1856 ( _fImprenta de C. Gonzalez) |
||
| 300 |
_a83 p. ; _c20 cm. |
||
| 490 | 1 |
_aLa España dramatica : coleccion de obras representadas con aplauso en los teatros de la Corte ; _v291 |
|
| 830 | 0 | 3 |
_aLa España dramática: colección de obras representadas con aplauso en los teatros de la corte _v291 _9187776 |
| 852 |
_aES-MaACL _jF-8577(1) _z-- Enc. pasta española, falto de la cub. original _z-- Enc. en un vol. facticio, formando parte de la col. factica "Teatro español moderno", vol. 30 |
||
| 999 |
_c152361 _d152361 |
||